[Event "SG Schwäbisch Gmünd 1 - SC Böblingen 1"]
[Site "Oberliga 2019/2020"]
[Date "2020.03.01"]
[Time "10:00:00"]
[Round "8"]
[White "Kuklin, Valentin"]
[Black "Velicka, Petr"]
[WhiteElo "2335"]
[BlackElo "2405"]
[WhiteTeam "SC Böblingen 1"]
[BlackTeam "SG Schwäbisch Gmünd 1"]
[Board "1"]
[Result "1/2-1/2"]

1.e4 c6 2.Nc3 d5 3.Nf3 Bg4 4.h3 Bxf3 5.Qxf3 Nf6 6.Be2 e6 7.O-O
{(=)} dxe4 8.Nxe4 Nxe4 9.Qxe4 Nd7 10.d4 Nf6 11.Qd3 Be7 1/2-1/2

[Event "SG Schwäbisch Gmünd 1 - SC Böblingen 1"]
[Site "Oberliga 2019/2020"]
[Date "2020.03.01"]
[Time "10:00:00"]
[Round "8"]
[White "Tran, Thanh Kien"]
[Black "Weiss, Andreas"]
[WhiteElo "2133"]
[BlackElo "2130"]
[WhiteTeam "SC Böblingen 1"]
[BlackTeam "SG Schwäbisch Gmünd 1"]
[Board "3"]
[Result "1-0"]

1.d4 Nf6 2.c4 e6 3.Nc3 Bb4 4.f3 c5 5.d5 Nh5 6.Nh3 Qh4+ 7.Nf2
Qxc4 8.e4 Qd4 9.Bd2 Na6 10.g4 Nf6 11.a3 Ba5 12.g5 Nh5 13.f4 g6
14.Qc1 exd5 15.b4 cxb4 16.Nb5 Qb6 17.axb4 Bxb4 18.Bxb4 Nxb4 19.Nc7+
Kd8 20.Nxa8 Qd4 21.Ra5 b6 22.Rxa7 Nc6 23.Ra2 dxe4 24.Qb2 Qe3+
25.Be2 Nd4 26.Ng4 Nf3+ 27.Kd1 Nxf4 28.Nxe3 1-0

[Event "SG Schwäbisch Gmünd 1 - SC Böblingen 1"]
[Site "Oberliga 2019/2020"]
[Date "2020.03.01"]
[Time "10:00:00"]
[Round "8"]
[White "Denisow, Jewgeny"]
[Black "Müller, Ralf"]
[WhiteElo "2131"]
[BlackElo "2316"]
[WhiteTeam "SG Schwäbisch Gmünd 1"]
[BlackTeam "SC Böblingen 1"]
[Board "4"]
[Result "0-1"]

1.e4 e5 2.Nf3 Nc6 3.c3 d5 4.Qa4 f6 5.d3 Nge7 6.Be2 Be6 7.h4 Qd7
8.Be3 a6 9.Nbd2 d4 10.cxd4 b5 11.Qd1 exd4 12.Bf4 Ng6 13.Bg3 Bd6
14.Bxd6 Qxd6 15.g3 Na5 16.h5 Ne5 17.Nxe5 fxe5 18.Bg4 c5 19.Qf3
Rf8 20.Qd1 c4 21.dxc4 Nxc4 22.Nxc4 bxc4 23.O-O Rc8 24.Rc1 Rf7
25.f4 d3 26.Bxe6 Qxe6 27.Qa4+ Rd7 28.fxe5 Qxe5 29.Rxc4 Qxg3+
30.Kh1 Qh4+ 31.Kg1 Qg5+ 32.Kh1 Qxh5+ 33.Kg1 Qg4+ 34.Kh1 Qh3+
35.Kg1 Rcd8 36.Rc3 Qg4+ 37.Kh2 Qh5+ 38.Kg2 Qg5+ 39.Kh2 Qb5 40.Qa3
Rd6 41.Rc5 Rh6+ 42.Kg2 Qb8 43.Rf8+ Kxf8 44.Rc8+ Kg8 45.Rxb8 Rxb8
46.Qxd3 Rxb2+ 47.Kg3 Rb8 48.Qd5+ Kh8 49.Qd7 Rf8 50.e5 Rg6+ 51.Kh2
h6 52.a4 Rf2+ 53.Kh3 Rf3+ 54.Kh2 Kh7 55.Qd4 Rf5 56.Qd1 Rxe5 57.Qf3
Reg5 58.Qd1 Rg2+ 59.Kh3 R6g3+ 60.Kh4 g5+ 0-1

[Event "SG Schwäbisch Gmünd 1 - SC Böblingen 1"]
[Site "Oberliga 2019/2020"]
[Date "2020.03.01"]
[Time "10:00:00"]
[Round "8"]
[White "Schuh, Karsten"]
[Black "Hönick, Andreas"]
[WhiteElo "2181"]
[BlackElo "2102"]
[WhiteTeam "SC Böblingen 1"]
[BlackTeam "SG Schwäbisch Gmünd 1"]
[Board "5"]
[Result "1/2-1/2"]

1.c4 e6 2.g3 Nf6 3.Bg2 d5 4.Nf3 dxc4 5.O-O c5 6.Na3 Nc6 7.Nxc4
Be7 8.b3 O-O 9.Bb2 Bd7 10.d4 cxd4 11.Nxd4 Rc8 12.Nb5 a6 13.Nbd6
Rb8 14.Ne5 Qc7 15.Nxd7 Nxd7 16.Nc4 Rfd8 17.Rc1 Nf6 18.Qc2 Nd4 1/2-1/2

[Event "SG Schwäbisch Gmünd 1 - SC Böblingen 1"]
[Site "Oberliga 2019/2020"]
[Date "2020.03.01"]
[Time "10:00:00"]
[Round "8"]
[White "Reindl, Arno"]
[Black "Bauer, Peter"]
[WhiteElo "1940"]
[BlackElo "2124"]
[WhiteTeam "SG Schwäbisch Gmünd 1"]
[BlackTeam "SC Böblingen 1"]
[Board "6"]
[Result "1/2-1/2"]

1.e4 e5 2.Nf3 Nc6 3.d4 exd4 4.Nxd4 Bc5 5.Nb3 Bb4+ 6.c3 Be7 7.Be3
Nf6 8.N1d2 d5 9.Qc2 Ng4 10.O-O-O Nxe3 11.fxe3 Bg5 12.exd5 Ne7
13.e4 O-O 14.Kb1 Bg4 15.Nf3 Bxf3 16.gxf3 Bf4 17.Nd4 Qd6 18.Qg2
c6 19.dxc6 bxc6 20.Bc4 Qc5 21.Rhg1 Bh6 22.Qe2 g6 23.Bb3 a5 24.Qc4
Qxc4 25.Bxc4 Be3 26.Rge1 Bg5 27.Rg1 Be3 28.Rg2 Rfd8 29.Rd3 Bh6
30.Nf5 Nxf5 31.exf5 Kg7 32.fxg6 hxg6 33.Kc2 Bf4 34.h4 Rxd3 35.Bxd3
Kf6 36.Bc4 Ra7 37.Rg4 Ke5 38.h5 gxh5 39.Rh4 f6 40.Rxh5+ Bg5 41.Rh8
Kd6 42.Rd8+ Kc7 43.Rf8 Kb6 44.Bd3 Rd7 45.Ra8 Ra7 46.Re8 Rd7 47.a4
Bf4 48.Ra8 Bc7 49.Re8 Bf4 50.Re6 Rd6 51.Re7 Rd8 52.b4 Bd6 53.bxa5+
Kxa5 54.Re6 Kxa4 55.Rxf6 Ka5 56.Be4 Kb6 57.Rf7 Re8 58.Kd3 Kc5
59.Rf5+ Re5 60.Rf6 Re8 61.Rg6 Re7 62.Rg8 Bc7 63.Ra8 Rd7+ 64.Kc2
Kb6 65.Ra4 Rf7 66.Rb4+ Kc5 67.Kb3 Rf6 68.Rc4+ Kb6 69.Rd4 Bd6
70.Rc4 Bc5 71.Ra4 Rf8 72.Kc4 Bd6 73.Ra2 Rh8 74.Rg2 Rh5 75.Rg6
Kc7 76.Kd3 Rh1 77.c4 Rh5 78.Rf6 Ra5 79.f4 Ra3+ 80.Kd4 Ra5 81.Rf7+
Kb6 82.Bd3 Ra1 83.Rf5 Rd1 84.Rf7 Re1 85.Rf5 Rd1 86.c5+ Bxc5+
87.Rxc5 Rxd3+ 88.Kxd3 Kxc5 89.Kc3 1/2-1/2

[Event "SG Schwäbisch Gmünd 1 - SC Böblingen 1"]
[Site "Oberliga 2019/2020"]
[Date "2020.03.01"]
[Time "10:00:00"]
[Round "8"]
[White "Schulte, Torsten"]
[Black "Bader, Gerd"]
[WhiteElo "2064"]
[BlackElo "2000"]
[WhiteTeam "SC Böblingen 1"]
[BlackTeam "SG Schwäbisch Gmünd 1"]
[Board "7"]
[Result "0-1"]

1.d4 d6 2.c4 e5 3.e3 Nd7 4.Nc3 Ngf6 5.f4 exf4 6.exf4 Be7 7.Nf3
O-O 8.Bd3 Re8 9.O-O c6 10.Kh1 Bf8 11.Bd2 g6 12.Qc2 Bg7 13.Rae1
Rxe1 14.Rxe1 Nf8 15.f5 Bd7 16.Bg5 Qc7 17.d5 Re8 18.Rxe8 Bxe8
19.Qe2 Qd7 20.Qe3 Ng4 21.Qxa7 gxf5 22.dxc6 bxc6 23.Qxd7 Bxd7
24.Kg1 Ng6 25.a4 h6 26.Bd2 N4e5 27.Be2 Be6 28.b3 Nxf3+ 29.gxf3
Bd4+ 30.Kg2 f4 31.Nd1 Nh4+ 32.Kf1 {(=)} Bh3+ 33.Ke1 Ng2+ 34.Kf1
Ne3+ 35.Ke1 Nc2# 0-1

[Event "SG Schwäbisch Gmünd 1 - SC Böblingen 1"]
[Site "Oberliga 2019/2020"]
[Date "2020.03.01"]
[Time "10:00:00"]
[Round "8"]
[White "Lang, Thomas"]
[Black "Remmler, Hans-Peter"]
[WhiteElo "1823"]
[BlackElo "2056"]
[WhiteTeam "SG Schwäbisch Gmünd 1"]
[BlackTeam "SC Böblingen 1"]
[Board "8"]
[Result "0-1"]

1.e4 e5 2.f4 exf4 3.Nf3 g5 4.h4 g4 5.Ne5 d6 6.Nxg4 Nf6 7.Nf2
Nc6 8.d4 Bh6 9.Be2 Rg8 10.Bf3 Qe7 11.c3 Bd7 12.Qe2 O-O-O 13.Na3
Rde8 14.Kd1 Qf8 15.Qc2 Qg7 16.Bd2 Ng4 17.Nxg4 Bxg4 18.Qd3 f5
19.Kc2 fxe4 20.Bxe4 Qf7 21.Rae1 Rxe4 22.Rxe4 d5 23.Rxf4 Bxf4
24.Qf1 Qg6+ 25.Kc1 Bxd2+ 26.Kxd2 Re8 27.Qf4 Re2+ 28.Kc1 Qe4 29.Qf8+
Nd8 30.Rf1 Re1+ 31.Rxe1 Qxe1+ 0-1

[Event "TSV Schönaich 2 - SV Nürtingen 1"]
[Site "Oberliga 2019/2020"]
[Date "2020.03.01"]
[Time "10:00:00"]
[Round "8"]
[White "Doric, Darko"]
[Black "Mehne, Claudius"]
[WhiteElo "2468"]
[BlackElo "2196"]
[WhiteTeam "TSV Schönaich 2"]
[BlackTeam "SV Nürtingen 1"]
[Board "2"]
[Result "1-0"]

1.d4 f5 2.c4 Nf6 3.g3 g6 4.Bg2 Bg7 5.Nf3 O-O 6.O-O d6 7.b3 e5
8.dxe5 dxe5 9.Ba3 e4 10.Bxf8 Qxf8 11.Nd4 Ne8 12.Qd2 Nc6 13.Nc2
Bxa1 14.Nxa1 Be6 15.Nc2 Rd8 16.Qc3 Qc5 17.Rc1 a5 18.Kf1 Kf7 19.Ke1
Nf6 20.h3 Ne5 {(=)} 21.Qe3 Qxe3 22.Nxe3 g5 23.Nc3 f4 24.Rd1 Rxd1+
25.Nexd1 f3 26.Bf1 Ke7 27.Kd2 c5 28.exf3 Nxf3+ 29.Ke3 Kd6 30.Bg2
Ke5 31.Nxe4 Ne1 32.f4+ gxf4+ 33.gxf4+ Kf5 34.Nd6+ Kg6 35.Bf1
b6 36.Kf2 1-0

[Event "TSV Schönaich 2 - SV Nürtingen 1"]
[Site "Oberliga 2019/2020"]
[Date "2020.03.01"]
[Time "10:00:00"]
[Round "8"]
[White "Kölle, Tobias"]
[Black "Aring, Gerd"]
[WhiteElo "2230"]
[BlackElo "2123"]
[WhiteTeam "TSV Schönaich 2"]
[BlackTeam "SV Nürtingen 1"]
[Board "4"]
[Result "1-0"]

1.d4 Nf6 2.c4 e6 3.Nc3 d5 4.cxd5 exd5 5.Bg5 Be7 6.e3 O-O 7.Bd3
c6 8.Qc2 Nbd7 9.Nf3 Re8 10.O-O Nf8 11.h3 Nh5 12.Bxe7 Qxe7 13.Rfe1
Nf6 14.Rab1 a5 15.a3 Ne4 16.b4 axb4 17.axb4 Ra3 18.Rb3 Rxb3 19.Qxb3
Ng6 20.b5 Qf6 21.bxc6 bxc6 22.Be2 Ng5 23.Qd1 Bxh3 24.gxh3 Nxh3+
25.Kg2 Ngf4+ 26.exf4 Nxf4+ 27.Kf1 Qf5 28.Ng1 Nh3 29.Bf3 Rb8 30.Qe2
h5 31.Qe5 Qxe5 32.Rxe5 Nf4 33.Nge2 Ne6 34.Bxh5 Rb4 35.Nxd5 cxd5
36.Rxd5 Rb1+ 37.Kg2 Kf8 38.Bg4 Ke7 39.Re5 Kf6 40.Bxe6 fxe6 41.Nf4
Rb6 42.Kf3 Ra6 43.Ke4 Rd6 44.Nd3 Rc6 45.Nc5 Rd6 46.Kd3 Kf7 47.f4
g6 48.Kc4 Rb6 49.Rxe6 1-0

[Event "TSV Schönaich 2 - SV Nürtingen 1"]
[Site "Oberliga 2019/2020"]
[Date "2020.03.01"]
[Time "10:00:00"]
[Round "8"]
[White "Auch, Stefan"]
[Black "Richter, Nils"]
[WhiteElo "2013"]
[BlackElo "2277"]
[WhiteTeam "SV Nürtingen 1"]
[BlackTeam "TSV Schönaich 2"]
[Board "5"]
[Result "0-1"]

1.e4 c5 2.c3 Nf6 3.e5 Nd5 4.d4 cxd4 5.cxd4 e6 6.Nc3 d6 7.Nf3
dxe5 8.Nxe5 Bb4 9.Bd2 O-O 10.Bd3 Nc6 11.Nf3 b6 12.O-O Bb7 13.a3
Be7 14.Qe2 Rc8 15.Qe4 Nf6 16.Qh4 Na5 17.Bg5 g6 18.Be4 Re8 19.Bxb7
{(=)} Nxb7 20.Rad1 Nd6 21.d5 Nf5 22.Qa4 Nxd5 23.Bxe7 Rxe7 24.Nxd5
exd5 25.Rd2 Rd7 26.Rfd1 h5 27.h3 a5 28.Ne5 Rd6 29.Qf4 Rc7 30.Qf3
d4 31.Qb3 Qf6 32.Nf3 Rcd7 33.Qc4 Nh4 34.Rd3 Nxf3+ 35.Rxf3 Qe5
36.Rfd3 Kg7 37.R3d2 d3 38.b4 b5 39.Qb3 a4 40.Qb1 Qc3 41.Qa1 Qxa1
42.Rxa1 Rc7 43.f3 Kf6 44.Kf2 Rc3 45.Ke3 h4 46.Raa2 Kf5 47.Ra1
g5 48.Raa2 Ke5 49.Ra1 f5 50.Raa2 f4+ 51.Kf2 Kd4 52.Rd1 Re6 53.Rdd2
Rc1 0-1

[Event "TSV Schönaich 2 - SV Nürtingen 1"]
[Site "Oberliga 2019/2020"]
[Date "2020.03.01"]
[Time "10:00:00"]
[Round "8"]
[White "Brunner, Jan"]
[Black "Kill, Matthias"]
[WhiteElo "2081"]
[BlackElo "2000"]
[WhiteTeam "TSV Schönaich 2"]
[BlackTeam "SV Nürtingen 1"]
[Board "6"]
[Result "1-0"]

1.d4 d6 2.c4 g6 3.Nc3 Bg7 4.e4 Nf6 5.f3 O-O 6.Bg5 c5 7.d5 a6
8.Qd2 Re8 9.Nge2 Qa5 10.Ng3 e6 11.a4 exd5 12.cxd5 b5 13.Be2 Nbd7
14.O-O bxa4 15.Rxa4 Qb6 16.Be3 Re7 17.Rb1 Ne8 18.Nh1 Nc7 19.Nf2
Rb8 20.b4 Bxc3 21.Qxc3 Nb5 22.Bxb5 Qxb5 23.Ng4 Ne5 24.Nxe5 Rxe5
25.Bxc5 Qd7 26.Raa1 Bb7 27.Bd4 Ree8 28.Bf6 Rbc8 29.Qd2 1-0

[Event "TSV Schönaich 2 - SV Nürtingen 1"]
[Site "Oberliga 2019/2020"]
[Date "2020.03.01"]
[Time "10:00:00"]
[Round "8"]
[White "Schwarz, Arnd-Rüdiger"]
[Black "Schnadt, Florian"]
[WhiteElo "2177"]
[BlackElo "2046"]
[WhiteTeam "SV Nürtingen 1"]
[BlackTeam "TSV Schönaich 2"]
[Board "7"]
[Result "1-0"]

1.d4 d5 2.Nf3 Nf6 3.c4 c6 4.Qc2 e6 5.Nbd2 Nbd7 6.g3 Bd6 7.Bg2
O-O 8.O-O Bc7 9.e4 e5 10.dxe5 Nxe5 11.Nxe5 Bxe5 12.Nf3 Bc7 13.cxd5
cxd5 14.exd5 Nxd5 15.Bg5 Qd6 16.Rad1 Nb4 17.Rxd6 Nxc2 18.Rd2
Nb4 19.Be7 Nxa2 20.Bxf8 Kxf8 21.Rd4 Be6 22.Ng5 Bb3 23.Rd7 Bb6
24.Rxb7 Rd8 25.Nxh7+ Kg8 26.Ng5 Rd2 27.Rb8+ Bd8 28.Ne4 1-0

[Event "TSV Schönaich 2 - SV Nürtingen 1"]
[Site "Oberliga 2019/2020"]
[Date "2020.03.01"]
[Time "10:00:00"]
[Round "8"]
[White "Kübler, Marcus"]
[Black "Reutter, Frank"]
[WhiteElo "1970"]
[BlackElo "1922"]
[WhiteTeam "TSV Schönaich 2"]
[BlackTeam "SV Nürtingen 1"]
[Board "8"]
[Result "0-1"]

1.d4 Nf6 2.c4 g6 3.g3 Bg7 4.Bg2 O-O 5.Nc3 d6 6.Nf3 Nbd7 7.O-O
Rb8 8.h3 e5 9.e4 a6 10.a4 exd4 11.Nxd4 Ne5 12.b3 Re8 13.Be3 Bd7
{(=)} 14.a5 Qc8 15.Kh2 c5 16.Nde2 Qc7 17.Bg5 Nc6 18.Bf4 Bf8 19.Bg5
Be7 20.Qd2 Be6 21.Nd5 Bxd5 22.cxd5 Nxe4 23.Bxe4 Bxg5 24.Qxg5
Rxe4 25.Nf4 Nd4 26.Kg2 Qe7 27.Qg4 Nxb3 28.Ra2 h5 29.Qf3 Nd4 30.Qd3
Re8 31.Rb2 Nb5 32.h4 Qe5 33.Rbb1 Qd4 34.Qf3 R8e7 35.Rfd1 Qc3
36.Rd3 Qxa5 37.Nh3 Qd8 38.Qf6 Re8 39.Qf3 Nd4 40.Qd1 b5 41.Qd2
Kg7 42.Ra1 Qa8 43.Nf4 R8e5 44.Rda3 Rxf4 45.Qxf4 Qxd5+ 46.Kh3
Nc2 47.Rxa6 Nxa1 48.Rxa1 b4 49.Kh2 Qe4 50.Qd2 Qe2 51.Qxd6 Qxf2+
52.Kh1 Qf3+ 0-1

[Event "SC Weiler im Allgäu 1 - Heilbronner SV 1"]
[Site "Oberliga 2019/2020"]
[Date "2020.03.01"]
[Time "10:00:00"]
[Round "8"]
[White "Zuferi, Enis"]
[Black "Plat, Vojtech"]
[WhiteElo "2303"]
[BlackElo "2573"]
[WhiteTeam "Heilbronner SV 1"]
[BlackTeam "SC Weiler im Allgäu 1"]
[Board "1"]
[Result "1/2-1/2"]

1.Nf3 g6 2.d4 Nf6 3.c4 Bg7 4.Nc3 d5 5.Qb3 dxc4 6.Qxc4 O-O 7.e4
Nfd7 8.Be3 Nc6 9.O-O-O Nb6 10.Qb3 Bg4 11.d5 Ne5 12.h3 Bxf3 13.gxf3
c6 14.f4 Ned7 15.Kb1 cxd5 1/2-1/2

[Event "SC Weiler im Allgäu 1 - Heilbronner SV 1"]
[Site "Oberliga 2019/2020"]
[Date "2020.03.01"]
[Time "10:00:00"]
[Round "8"]
[White "Henrichs, Thomas"]
[Black "Kabisch, Thilo"]
[WhiteElo "2385"]
[BlackElo "2268"]
[WhiteTeam "SC Weiler im Allgäu 1"]
[BlackTeam "Heilbronner SV 1"]
[Board "2"]
[Result "1/2-1/2"]

1.Nf3 d6 2.d4 Nf6 3.c4 g6 4.Nc3 Bg7 5.e4 O-O 6.Be2 e5 7.d5 a5
8.Bg5 h6 9.Be3 Ng4 10.Bd2 f5 11.exf5 Bxf5 12.O-O e4 13.Ne1 Qh4
14.Bf4 h5 15.Qd2 Qe7 16.Nc2 Na6 17.Rae1 Rae8 18.Ne3 Nc5 19.Nxg4
hxg4 20.Nb5 b6 21.b3 Rf7 22.Nd4 Bd7 23.Nc2 Ref8 24.Bg3 Qf6 25.Ne3
Bh6 26.Qc2 Bf4 27.Nxg4 Bxg4 28.Bxg4 Bxg3 29.hxg3 Kg7 30.Re3 Qd4
31.Qc3 Qxc3 32.Rxc3 Nd3 33.f3 Ne5 34.Be6 Rf6 35.f4 g5 36.Re3
gxf4 37.gxf4 Rxf4 38.Rg3+ Ng6 39.Re1 Rf2 40.Rxe4 Rxa2 41.Bd7
Ra1+ 42.Kh2 Rh8+ 43.Bh3 Rf1 44.Re7+ Rf7 45.Re6 Rh6 46.Kg1 Kh7
47.Re8 Nf4 48.Bf5+ Rxf5 1/2-1/2

[Event "SC Weiler im Allgäu 1 - Heilbronner SV 1"]
[Site "Oberliga 2019/2020"]
[Date "2020.03.01"]
[Time "10:00:00"]
[Round "8"]
[White "Degenhard, Simon"]
[Black "Kessler, Luca"]
[WhiteElo "2224"]
[BlackElo "2457"]
[WhiteTeam "Heilbronner SV 1"]
[BlackTeam "SC Weiler im Allgäu 1"]
[Board "3"]
[Result "1/2-1/2"]

1.e4 d6 2.d4 Nf6 3.Nc3 g6 4.Be3 c6 5.Qd2 Ng4 6.Bg5 h6 7.Bh4 Bg7
8.f3 Nf6 9.O-O-O Qc7 10.Kb1 Nbd7 11.f4 e5 12.dxe5 dxe5 13.fxe5
Nxe5 14.Nf3 Nfd7 15.Be2 O-O 16.Rhf1 Re8 17.Bg3 b5 18.Bf4 Nc5
19.Nxe5 Bxe5 20.Bxe5 Qxe5 21.Qxh6 Be6 22.Bd3 b4 23.Ne2 Na4 24.Qc1
Qxh2 25.Nf4 Nc5 26.Qe3 Nxd3 27.cxd3 Qh4 28.Rh1 Qf6 29.Rdf1 Qe5
30.Rh6 Kg7 31.d4 Qxe4+ 32.Qxe4 Bxa2+ 33.Kxa2 Rxe4 34.Rh3 Rxd4
35.Rhf3 a5 36.Nd3 f5 37.Rc1 a4 38.Rxc6 a3 39.Rb6 axb2+ 40.Kxb2
Ra3 41.Nxb4 Rxf3 42.gxf3 Rf4 43.Nd3 Rxf3 44.Rxg6+ 1/2-1/2

[Event "SC Weiler im Allgäu 1 - Heilbronner SV 1"]
[Site "Oberliga 2019/2020"]
[Date "2020.03.01"]
[Time "10:00:00"]
[Round "8"]
[White "Tuncer, Ufuk"]
[Black "Pogan, Nikolas"]
[WhiteElo "2324"]
[BlackElo "2188"]
[WhiteTeam "SC Weiler im Allgäu 1"]
[BlackTeam "Heilbronner SV 1"]
[Board "4"]
[Result "1/2-1/2"]

1.e4 d6 2.d4 Nf6 3.Nc3 e5 4.Nge2 c6 5.g3 g6 6.Bg2 Bg7 7.O-O O-O
8.a4 a5 9.h3 Na6 10.Be3 Qc7 11.Qd2 Re8 12.Rad1 Be6 13.Kh2 Nb4
14.d5 cxd5 15.exd5 Bd7 16.Rfe1 Rac8 17.Nb5 Bxb5 18.axb5 Qc4 19.b3
Qxb5 20.c4 Qa6 21.Ra1 Nd7 22.Ra3 Nc5 23.Rea1 Qb6 24.Rxa5 Nba6
25.Rb5 Qc7 26.Ra3 Ra8 27.b4 Nd7 28.c5 e4 29.c6 bxc6 30.Rba5 Qc8
31.dxc6 Ne5 32.Qa2 Nxc6 33.R5a4 Ncxb4 34.Qd2 d5 35.Rxb4 Nxb4
36.Rxa8 Qxa8 37.Qxb4 Qa6 38.Nd4 Qc4 39.Qb6 h5 {(=)} 40.h4 Ra8
41.Nc6 Kh7 42.Qb7 Ra6 43.Nb4 Ra5 44.Nc6 Ra6 45.Nb4 Ra5 46.Nc6
Ra4 47.Ne7 d4 48.Bg5 Ra2 49.Qb8 f5 50.Qb6 Qf7 51.Kg1 d3 52.Qd6
Bf8 53.Qd8 d2 54.Nxg6 Ra1+ 55.Kh2 d1Q 56.Nxf8+ Kg7 57.Bd2 Qxd2
58.Qxd2 Kxf8 59.Qd8+ Kg7 60.Qg5+ Kh7 61.Bh3 Ra5 62.Bf1 Ra2 63.Kg1
Ra1 64.Kg2 Ra2 65.Kg1 Ra1 66.Kg2 Ra2 1/2-1/2

[Event "SC Weiler im Allgäu 1 - Heilbronner SV 1"]
[Site "Oberliga 2019/2020"]
[Date "2020.03.01"]
[Time "10:00:00"]
[Round "8"]
[White "Dudek, Richard"]
[Black "Balacek, Tadeas"]
[WhiteElo "2163"]
[BlackElo "2312"]
[WhiteTeam "Heilbronner SV 1"]
[BlackTeam "SC Weiler im Allgäu 1"]
[Board "5"]
[Result "0-1"]

1.e4 e6 2.d4 d5 3.Nd2 c5 4.exd5 Qxd5 5.Ngf3 cxd4 6.Bc4 Qd7 7.Nb3
Nc6 8.Nbxd4 Nxd4 9.Nxd4 a6 10.O-O Qc7 11.Qe2 Bd6 12.h3 Ne7 13.Bg5
O-O 14.Rfe1 Ng6 15.Rad1 Bh2+ 16.Kh1 Bf4 17.Nf3 b5 18.Bd3 Bb7
19.Be4 Bxe4 20.Qxe4 Bxg5 21.Nxg5 Rad8 22.Nf3 Qc5 23.Kg1 e5 24.b4
Qe7 25.c3 Qe6 26.Rxd8 Rxd8 27.h4 f6 28.a4 Qd5 29.Qxd5+ Rxd5 30.g3
bxa4 31.Ra1 Rd3 32.Kg2 Rxc3 33.Rxa4 Rc6 34.Nd2 Ne7 35.Ra5 Rb6
36.Ra4 Nc6 37.Kf3 Kf7 38.Ne4 Nxb4 39.Nc5 Ke7 40.g4 Kd6 41.Ne4+
Kd5 42.h5 h6 43.Ra5+ Kd4 44.Ng3 Nc6 45.Nf5+ Kc4 46.Ra1 a5 47.Ke4
Ra6 48.Ne3+ Kc3 49.Nd5+ Kb2 50.Ra4 Kb3 51.Ra1 a4 52.Kd3 Nb4+
53.Nxb4 Kxb4 54.Rb1+ Kc5 0-1

[Event "SC Weiler im Allgäu 1 - Heilbronner SV 1"]
[Site "Oberliga 2019/2020"]
[Date "2020.03.01"]
[Time "10:00:00"]
[Round "8"]
[White "Hasenohr, Benedict"]
[Black "Tschlatscher, Thomas"]
[WhiteElo "2254"]
[BlackElo "2155"]
[WhiteTeam "SC Weiler im Allgäu 1"]
[BlackTeam "Heilbronner SV 1"]
[Board "6"]
[Result "1-0"]

1.d4 Nf6 2.c4 e6 3.Nc3 d5 4.cxd5 Nxd5 5.e4 Nxc3 6.bxc3 c5 7.Nf3
cxd4 8.cxd4 Bb4+ 9.Bd2 Bxd2+ 10.Qxd2 O-O 11.h4 Nc6 12.Bb5 Qb6
13.Rb1 Rd8 14.Bd3 Qc7 15.Rc1 Qd6 16.e5 Qb4 17.Be4 Bd7 18.Rb1
Qxd2+ 19.Kxd2 b6 20.h5 h6 21.Rhc1 Rac8 22.Rc3 Ne7 23.Rbc1 Rxc3
24.Rxc3 Rc8 25.Ne1 Kf8 26.Ra3 Rc7 27.Nc2 Bb5 28.Ne3 Rd7 29.Nc2
Bc4 30.g4 a5 31.f4 Nd5 32.f5 Nc7 33.Bc6 Rd8 34.Ra4 Bd5 35.Bxd5
Nxd5 36.Rc4 f6 37.Ke2 Nf4+ 38.Ke3 fxe5 39.dxe5 Nd3 40.Nd4 Nxe5
41.Nxe6+ Ke7 42.Re4 Rd5 43.Nxg7 Kf6 44.Ne8+ Kg5 45.Nc7 Rd3+ 46.Ke2
Rd7 47.Ne6+ Kf6 48.Nf8 Rc7 49.Kd2 b5 50.Ng6 Nc4+ 51.Kd3 Rd7+
52.Kc3 Rd6 53.Nf4 Ne5 54.Ng6 Rc6+ 55.Kd2 Rd6+ 56.Ke3 Nf7 57.Nf4
Ne5 58.Ng6 Nf7 59.Re7 Rd5 60.Ra7 b4 61.Nf4 Re5+ 62.Kd4 Rb5 63.Nd5+
Kg5 64.Rxf7 Kxg4 65.f6 Kxh5 66.Rg7 b3 67.axb3 Rxb3 68.f7 Rf3
69.Ke4 1-0

[Event "SC Weiler im Allgäu 1 - Heilbronner SV 1"]
[Site "Oberliga 2019/2020"]
[Date "2020.03.01"]
[Time "10:00:00"]
[Round "8"]
[White "Peng, Xiang-Tobias"]
[Black "Wunder, Niklas"]
[WhiteElo "2105"]
[BlackElo "2056"]
[WhiteTeam "Heilbronner SV 1"]
[BlackTeam "SC Weiler im Allgäu 1"]
[Board "7"]
[Result "1-0"]

1.e4 e5 2.Nf3 Nc6 3.Bc4 Nf6 4.Ng5 d5 5.exd5 Na5 6.Bb5+ c6 7.dxc6
bxc6 8.Qf3 Be7 9.Bxc6+ Nxc6 10.Qxc6+ Bd7 11.Qf3 O-O 12.Nc3 Ng4
13.Nh3 Rc8 14.O-O f5 15.d3 Rc6 16.Qd5+ Kh8 17.f3 Rd6 18.Qb7 Bc8
19.Qb3 Be6 20.Qb7 Bc8 21.Qb5 Bd7 22.Qc4 Qb6+ 23.Kh1 Rd4 24.Qb3
Qg6 25.Ne2 Be6 26.Qb7 Rd7 27.Qb5 Rd5 28.Qa6 Nh6 29.Nef4 Qe8 30.Qxe6 1-0

[Event "SC Weiler im Allgäu 1 - Heilbronner SV 1"]
[Site "Oberliga 2019/2020"]
[Date "2020.03.01"]
[Time "10:00:00"]
[Round "8"]
[White "Wunder, Fabian"]
[Black "Geshnizjani, Ramin"]
[WhiteElo "2032"]
[BlackElo "2106"]
[WhiteTeam "SC Weiler im Allgäu 1"]
[BlackTeam "Heilbronner SV 1"]
[Board "8"]
[Result "1/2-1/2"]

1.Nf3 d5 2.g3 Nf6 3.Bg2 e6 4.O-O c5 5.c4 Be7 6.d3 O-O 7.e3 b6
8.b3 Bb7 9.Bb2 Nbd7 10.Nbd2 Qc7 11.Qc2 Rac8 12.Rac1 Rfd8 13.Rfd1
Qb8 14.e4 d4 15.b4 Qc7 16.Nb3 Nf8 17.Qe2 Ng6 18.b5 h5 19.Nbd2
Bd6 20.Nf1 Rf8 21.Ra1 Rce8 22.Ng5 h4 23.f4 Nh7 24.Nxh7 1/2-1/2

[Event "SK Bebenhausen 1 - SF Deizisau 2"]
[Site "Oberliga 2019/2020"]
[Date "2020.03.01"]
[Time "10:00:00"]
[Round "8"]
[White "Dabo-Peranic, Robert"]
[Black "Braun, Georg"]
[WhiteElo "2322"]
[BlackElo "2348"]
[WhiteTeam "SF Deizisau 2"]
[BlackTeam "SK Bebenhausen 1"]
[Board "1"]
[Result "1/2-1/2"]

1.d4 c6 2.e4 d5 3.exd5 cxd5 4.c4 Nf6 5.Nc3 g6 6.Nf3 Bg7 7.Be2
O-O 8.O-O dxc4 9.Bxc4 Nc6 10.h3 b6 11.a3 Bb7 12.Ba2 Rc8 13.Re1
e6 14.Bg5 h6 15.Bh4 Re8 16.Rc1 Ne7 17.Bg3 Nf5 18.Be5 Bxf3 19.Qxf3
Nxd4 20.Qb7 Qd7 21.Qa6 Nd5 22.Bxg7 Kxg7 23.Bxd5 exd5 24.Rxe8
Rxe8 25.Qd3 Nb3 26.Rd1 d4 27.Nb5 Re5 28.Nxa7 Qd5 29.Nc6 Rg5 30.g3
Qxc6 31.Qxb3 Rd5 32.Qd3 Qe6 33.Kg2 h5 34.h4 Qe5 35.Rd2 Rd6 36.Qf3
Rf6 37.Qd3 Qd5+ 38.Kg1 Rd6 39.Kh2 Rf6 40.Kg1 Rd6 41.Kh2 Rd7 42.Rd1
Kh7 43.Rd2 Qe6 44.Qf3 Qc4 45.Rd3 Qc2 46.Rxd4 Rxd4 47.Qxf7+ Kh6
48.Qf8+ Kh7 49.Qe7+ Kg8 50.Qe6+ Kh7 51.Qe7+ Kg8 52.Qe8+ Kh7 53.Qf7+
Kh6 54.Qf6 Rd7 55.Qh8+ Rh7 56.Qf8+ 1/2-1/2

[Event "SK Bebenhausen 1 - SF Deizisau 2"]
[Site "Oberliga 2019/2020"]
[Date "2020.03.01"]
[Time "10:00:00"]
[Round "8"]
[White "Bräuning, Rudolf Wilhelm"]
[Black "Fischer, Sebastian"]
[WhiteElo "2252"]
[BlackElo "2286"]
[WhiteTeam "SK Bebenhausen 1"]
[BlackTeam "SF Deizisau 2"]
[Board "2"]
[Result "0-1"]

1.d4 f5 2.g3 Nf6 3.Bg2 e6 4.c4 Be7 5.Nf3 O-O 6.d5 Bb4+ 7.Bd2
Qe7 8.O-O e5 9.Bxb4 Qxb4 10.Qb3 Qe7 11.d6 cxd6 12.Nc3 Na6 13.Rfd1
Nc5 14.Qa3 a5 15.Nb5 Ra6 16.Ne1 e4 17.Rd4 d5 18.Nc7 Rc6 19.Nxd5
Qe5 20.Rad1 b6 21.f4 exf3 22.Nxf3 Qe8 23.e3 Nxd5 24.Rxd5 Re6
25.Re1 Bb7 26.Rd4 Qe7 27.Rdd1 Be4 28.Qc3 Re8 29.Nd4 Re5 30.Bxe4
Nxe4 31.Qc2 Ng5 32.Qg2 Rxe3 33.Rf1 g6 34.b3 Re4 35.h4 Rxd4 36.Rxd4
Qe3+ 37.Kh2 Qxd4 38.hxg5 Re3 39.Rf4 Qd1 40.Qa8+ Kg7 41.Qb7 Qd2+
42.Kh3 Re2 43.Qh1 h6 44.gxh6+ Kxh6 45.Rh4+ Kg5 46.Rh7 Qd4 47.Qc1+
Rd2 48.Rh4 Qg4+ 49.Rxg4+ fxg4# 0-1

[Event "SK Bebenhausen 1 - SF Deizisau 2"]
[Site "Oberliga 2019/2020"]
[Date "2020.03.01"]
[Time "10:00:00"]
[Round "8"]
[White "Bronznik, Valerij"]
[Black "Carstens, Andreas"]
[WhiteElo "2228"]
[BlackElo "2079"]
[WhiteTeam "SF Deizisau 2"]
[BlackTeam "SK Bebenhausen 1"]
[Board "3"]
[Result "1-0"]

1.d4 Nf6 2.c4 g6 3.Nc3 Bg7 4.e4 d6 5.f4 O-O 6.Nf3 c5 7.d5 e6
8.dxe6 Bxe6 9.Bd3 Nc6 10.O-O a6 11.f5 Bc8 12.h3 Nd7 13.Nd5 Nd4
14.Nxd4 Bxd4+ 15.Kh1 Ne5 16.f6 Re8 17.Qd2 Re6 18.Qh6 Qf8 19.Qxf8+
Kxf8 20.Be2 Rb8 21.Nc7 Bd7 22.Rb1 Bc6 23.Bh6+ Kg8 24.Nxe6 fxe6
25.Bf3 Kf7 26.b3 b5 27.Bg5 b4 28.Rbe1 Bd7 29.Bd1 a5 30.Bc2 Rb6
31.Bc1 a4 32.g4 a3 33.g5 Bc6 34.Bf4 Be8 35.Kg2 Rb7 36.h4 Rd7
37.Rh1 Kg8 38.Rh3 Bf7 39.Bd1 Rd8 40.Bc2 Rd7 41.Bd1 Rd8 42.Reh1
Rd7 43.Be2 Rd8 44.h5 Rd7 45.Bxe5 Bxe5 46.Bg4 gxh5 47.Bxh5 Bd4
48.Bg4 1-0

[Event "SK Bebenhausen 1 - SF Deizisau 2"]
[Site "Oberliga 2019/2020"]
[Date "2020.03.01"]
[Time "10:00:00"]
[Round "8"]
[White "Latzke, Boris"]
[Black "Gustain, Marc"]
[WhiteElo "2188"]
[BlackElo "2159"]
[WhiteTeam "SK Bebenhausen 1"]
[BlackTeam "SF Deizisau 2"]
[Board "4"]
[Result "1-0"]

1.d4 d5 2.c4 dxc4 3.e3 e5 4.Bxc4 Nc6 5.Nf3 e4 6.Nfd2 Qg5 7.Kf1
Nf6 8.Nc3 Qg6 9.Nb5 Bd6 10.h3 O-O 11.Nxd6 cxd6 12.b3 Be6 13.Ba3
Rfd8 14.Rc1 Nd5 15.Kg1 f5 16.Kh2 Ndb4 17.Be2 Nxa2 18.Rxc6 bxc6
19.Qa1 a5 20.Qxa2 a4 21.Bc4 axb3 22.Qxb3 Bxc4 23.Nxc4 Qe6 24.Rb1
c5 25.Qc3 cxd4 26.Qxd4 Ra4 27.Rb7 Rd7 28.Rb8+ Kf7 {(=)} 29.Nxd6+
Qxd6+ 30.Qxd6 Rxd6 31.Bxd6 g5 32.Be5 Ra6 33.g4 Re6 34.Bd4 fxg4
35.hxg4 Rh6+ 36.Kg2 Rh4 37.Rb7+ Kg6 38.Kg3 Rh1 39.Rg7+ Kh6 40.Re7
Rg1+ 41.Kh3 1-0